Návrh implementácie IP pobočkovej ústredne do podnikovej LAN siete

Guardado en:
Detalles Bibliográficos
Autor principal: Köppl, Martin (Autor)
Otros Autores: Orgoň, Miloš (Orientador)
Formato: Manuscrito Libro
Lenguaje:eslovaco
Publicado: 2018
Materias:
Acceso en línea:http://is.stuba.sk/zp/portal_zp.pl?podrobnosti=123182
Etiquetas: Agregar Etiqueta
Sin Etiquetas, Sea el primero en etiquetar este registro!

MARC

LEADER 00000ntm a22000003a 4500
001 stuzp66991
003 SK-STU
005 20181025124939.1
007 ta
008 150427s2015----xo-----f-mn---000-0-slo-d
040 |a STU  |b slo 
041 0 |a slo 
044 |a xo 
100 1 |a Köppl, Martin  |u 037000  |4 aut  |U FEI Fakulta elektrotechniky a informatiky  |T FEI Ústav multimediálnych informačných a komunikačných technológií  |X 79881  |U E070  |Y 818  |7 79881 
242 0 1 |a Proposal to Deploy an IP PBX to a Corporate LAN  |y eng 
245 1 0 |a Návrh implementácie IP pobočkovej ústredne do podnikovej LAN siete 
260 |c 2018 
300 |a 31 s. 
650 4 |a Business network  |2 eng 
650 4 |a PBX  |2 eng 
650 4 |a KX-NS500  |2 eng 
650 4 |a Private branch exchange  |2 eng 
650 4 |a Podniková sieť  |2 slo 
650 4 |a PBX  |2 slo 
650 4 |a KX-NS500  |2 slo 
650 4 |a Pobočková ústredňa  |2 slo 
700 1 |a Orgoň, Miloš  |u 037000  |k Z1  |4 ths  |U FEI Fakulta elektrotechniky a informatiky  |T FEI Ústav multimediálnych informačných a komunikačných technológií  |X 2184  |U E070  |Y 818  |7 A000002184 
856 4 |u http://is.stuba.sk/zp/portal_zp.pl?podrobnosti=123182 
996 |b 284ER02643  |c E*Bc- 2643  |l EE37  |s P  |a 0  |w stuzp66991_0001